<?xml version="1.0" encoding="UTF-8"?>
<record
    xmlns:xsi="http://www.w3.org/2001/XMLSchema-instance"
    xsi:schemaLocation="http://www.loc.gov/MARC21/slim http://www.loc.gov/standards/marcxml/schema/MARC21slim.xsd"
    xmlns="http://www.loc.gov/MARC21/slim">

  <leader>01428nam a2200301Ia 4500</leader>
  <datafield tag="952" ind1=" " ind2=" ">
    <subfield code="0">0</subfield>
    <subfield code="1">0</subfield>
    <subfield code="4">0</subfield>
    <subfield code="7">0</subfield>
    <subfield code="a">01</subfield>
    <subfield code="b">01</subfield>
    <subfield code="d">2007-01-25</subfield>
    <subfield code="l">2</subfield>
    <subfield code="o">300 S444s C539s</subfield>
    <subfield code="p">01 000813</subfield>
    <subfield code="r">2016-02-04</subfield>
    <subfield code="s">2016-02-04</subfield>
    <subfield code="t">1</subfield>
    <subfield code="w">2012-06-24</subfield>
    <subfield code="y">LB</subfield>
  </datafield>
  <datafield tag="952" ind1=" " ind2=" ">
    <subfield code="0">0</subfield>
    <subfield code="1">0</subfield>
    <subfield code="4">0</subfield>
    <subfield code="7">0</subfield>
    <subfield code="a">01</subfield>
    <subfield code="b">01</subfield>
    <subfield code="d">2007-01-25</subfield>
    <subfield code="l">3</subfield>
    <subfield code="o">300 S444s C539s</subfield>
    <subfield code="p">01 000814</subfield>
    <subfield code="r">2018-02-06</subfield>
    <subfield code="s">2018-02-06</subfield>
    <subfield code="t">2</subfield>
    <subfield code="w">2012-06-24</subfield>
    <subfield code="y">LB</subfield>
  </datafield>
  <datafield tag="952" ind1=" " ind2=" ">
    <subfield code="0">0</subfield>
    <subfield code="1">0</subfield>
    <subfield code="4">0</subfield>
    <subfield code="7">0</subfield>
    <subfield code="a">01</subfield>
    <subfield code="b">01</subfield>
    <subfield code="d">2007-01-25</subfield>
    <subfield code="l">1</subfield>
    <subfield code="o">300 S444s C539s</subfield>
    <subfield code="p">01 001755</subfield>
    <subfield code="r">2014-06-12</subfield>
    <subfield code="s">2014-06-12</subfield>
    <subfield code="t">3</subfield>
    <subfield code="w">2012-06-24</subfield>
    <subfield code="y">LB</subfield>
  </datafield>
  <datafield tag="952" ind1=" " ind2=" ">
    <subfield code="0">0</subfield>
    <subfield code="1">0</subfield>
    <subfield code="4">0</subfield>
    <subfield code="7">0</subfield>
    <subfield code="a">04</subfield>
    <subfield code="b">04</subfield>
    <subfield code="d">2007-02-20</subfield>
    <subfield code="l">7</subfield>
    <subfield code="o">HM51 C49</subfield>
    <subfield code="p">04 000252</subfield>
    <subfield code="r">2017-11-24</subfield>
    <subfield code="s">2017-11-24</subfield>
    <subfield code="t">1</subfield>
    <subfield code="w">2012-06-24</subfield>
    <subfield code="y">LB</subfield>
  </datafield>
  <datafield tag="952" ind1=" " ind2=" ">
    <subfield code="0">0</subfield>
    <subfield code="1">0</subfield>
    <subfield code="4">0</subfield>
    <subfield code="7">0</subfield>
    <subfield code="a">09</subfield>
    <subfield code="b">09</subfield>
    <subfield code="d">2010-09-09</subfield>
    <subfield code="l">1</subfield>
    <subfield code="o">HM51 C49</subfield>
    <subfield code="p">09 003418</subfield>
    <subfield code="r">2014-10-04</subfield>
    <subfield code="s">2014-10-04</subfield>
    <subfield code="t">1</subfield>
    <subfield code="w">2012-06-26</subfield>
    <subfield code="y">LB</subfield>
  </datafield>
  <datafield tag="952" ind1=" " ind2=" ">
    <subfield code="0">0</subfield>
    <subfield code="1">0</subfield>
    <subfield code="4">0</subfield>
    <subfield code="7">0</subfield>
    <subfield code="a">09</subfield>
    <subfield code="b">09</subfield>
    <subfield code="d">2010-09-09</subfield>
    <subfield code="l">2</subfield>
    <subfield code="o">HM51 C49</subfield>
    <subfield code="p">09 003419</subfield>
    <subfield code="r">2016-10-10</subfield>
    <subfield code="s">2016-10-10</subfield>
    <subfield code="t">2</subfield>
    <subfield code="w">2012-06-26</subfield>
    <subfield code="y">LB</subfield>
  </datafield>
  <datafield tag="952" ind1=" " ind2=" ">
    <subfield code="0">0</subfield>
    <subfield code="1">0</subfield>
    <subfield code="2">ddc</subfield>
    <subfield code="4">0</subfield>
    <subfield code="7">0</subfield>
    <subfield code="a">22</subfield>
    <subfield code="b">22</subfield>
    <subfield code="d">2010-11-09</subfield>
    <subfield code="l">11</subfield>
    <subfield code="o">HM51 C45 1966</subfield>
    <subfield code="p">17 000903</subfield>
    <subfield code="r">2023-08-01</subfield>
    <subfield code="s">2016-02-03</subfield>
    <subfield code="t">1</subfield>
    <subfield code="w">2012-06-26</subfield>
    <subfield code="y">LB</subfield>
    <subfield code="f"></subfield>
  </datafield>
  <datafield tag="952" ind1=" " ind2=" ">
    <subfield code="0">0</subfield>
    <subfield code="1">0</subfield>
    <subfield code="4">0</subfield>
    <subfield code="7">0</subfield>
    <subfield code="a">18</subfield>
    <subfield code="b">18</subfield>
    <subfield code="d">2011-10-05</subfield>
    <subfield code="l">5</subfield>
    <subfield code="o">HM51 C4518</subfield>
    <subfield code="p">18 001508</subfield>
    <subfield code="r">2024-09-11</subfield>
    <subfield code="s">2024-07-16</subfield>
    <subfield code="t">1</subfield>
    <subfield code="w">2012-06-26</subfield>
    <subfield code="y">LB</subfield>
  </datafield>
  <datafield tag="952" ind1=" " ind2=" ">
    <subfield code="0">0</subfield>
    <subfield code="1">0</subfield>
    <subfield code="4">0</subfield>
    <subfield code="7">0</subfield>
    <subfield code="a">03</subfield>
    <subfield code="b">03</subfield>
    <subfield code="d">2001-05-15</subfield>
    <subfield code="l">1</subfield>
    <subfield code="o">HM51 C4718 1984</subfield>
    <subfield code="p">03 003077</subfield>
    <subfield code="r">2014-03-27</subfield>
    <subfield code="s">2014-03-26</subfield>
    <subfield code="t">1</subfield>
    <subfield code="w">2012-07-20</subfield>
    <subfield code="y">LB</subfield>
  </datafield>
  <datafield tag="952" ind1=" " ind2=" ">
    <subfield code="0">0</subfield>
    <subfield code="1">0</subfield>
    <subfield code="4">0</subfield>
    <subfield code="7">0</subfield>
    <subfield code="a">03</subfield>
    <subfield code="b">03</subfield>
    <subfield code="d">2001-05-15</subfield>
    <subfield code="l">0</subfield>
    <subfield code="o">HM51 C4718 1984</subfield>
    <subfield code="p">03 003089</subfield>
    <subfield code="r">2012-07-20</subfield>
    <subfield code="t">2</subfield>
    <subfield code="w">2012-07-20</subfield>
    <subfield code="y">LB</subfield>
  </datafield>
  <datafield tag="952" ind1=" " ind2=" ">
    <subfield code="0">0</subfield>
    <subfield code="1">0</subfield>
    <subfield code="4">0</subfield>
    <subfield code="7">0</subfield>
    <subfield code="a">03</subfield>
    <subfield code="b">03</subfield>
    <subfield code="d">2001-05-15</subfield>
    <subfield code="l">0</subfield>
    <subfield code="o">HM51 C4718 1984</subfield>
    <subfield code="p">03 003102</subfield>
    <subfield code="r">2012-07-20</subfield>
    <subfield code="t">3</subfield>
    <subfield code="w">2012-07-20</subfield>
    <subfield code="y">LB</subfield>
  </datafield>
  <datafield tag="952" ind1=" " ind2=" ">
    <subfield code="0">0</subfield>
    <subfield code="1">0</subfield>
    <subfield code="4">0</subfield>
    <subfield code="7">0</subfield>
    <subfield code="a">04</subfield>
    <subfield code="b">04</subfield>
    <subfield code="d">2015-09-08</subfield>
    <subfield code="l">2</subfield>
    <subfield code="o">HM51 C49</subfield>
    <subfield code="p">04 005712</subfield>
    <subfield code="r">2019-01-24</subfield>
    <subfield code="s">2019-01-24</subfield>
    <subfield code="t">2</subfield>
    <subfield code="w">2015-09-08</subfield>
    <subfield code="y">LB</subfield>
  </datafield>
  <datafield tag="952" ind1=" " ind2=" ">
    <subfield code="0">0</subfield>
    <subfield code="1">0</subfield>
    <subfield code="4">0</subfield>
    <subfield code="7">0</subfield>
    <subfield code="a">01</subfield>
    <subfield code="b">01</subfield>
    <subfield code="d">2017-12-19</subfield>
    <subfield code="l">0</subfield>
    <subfield code="o">300 S444s C539s</subfield>
    <subfield code="p">01 014113</subfield>
    <subfield code="r">2017-12-19</subfield>
    <subfield code="t">4</subfield>
    <subfield code="w">2017-12-19</subfield>
    <subfield code="y">LB</subfield>
  </datafield>
  <datafield tag="999" ind1=" " ind2=" ">
    <subfield code="c">55416</subfield>
    <subfield code="d">55416</subfield>
  </datafield>
  <controlfield tag="005">20231102150545.0</controlfield>
  <controlfield tag="008">120622s1966    mx      r     000 0 spa d</controlfield>
  <datafield tag="020" ind1=" " ind2=" ">
    <subfield code="a">9681601688</subfield>
  </datafield>
  <datafield tag="020" ind1=" " ind2=" ">
    <subfield code="a">9789681601683</subfield>
  </datafield>
  <datafield tag="050" ind1=" " ind2="4">
    <subfield code="a">HM51</subfield>
    <subfield code="b">C4718 1984</subfield>
  </datafield>
  <datafield tag="082" ind1=" " ind2="4">
    <subfield code="a">300</subfield>
    <subfield code="b">S444s C539s</subfield>
  </datafield>
  <datafield tag="100" ind1="1" ind2=" ">
    <subfield code="a">Chinoy, Ely</subfield>
    <subfield code="e">autor</subfield>
  </datafield>
  <datafield tag="240" ind1="1" ind2="0">
    <subfield code="a">Society : an introduction to sociology</subfield>
    <subfield code="l">Espa&#xF1;ol</subfield>
  </datafield>
  <datafield tag="245" ind1="1" ind2="3">
    <subfield code="a">La sociedad</subfield>
    <subfield code="b"> : una introducci&#xF3;n a la sociolog&#xED;a</subfield>
    <subfield code="c"> / Ely Chinoy ; traducci&#xF3;n de Francisco L&#xF3;pez C&#xE1;mara</subfield>
  </datafield>
  <datafield tag="260" ind1="3" ind2=" ">
    <subfield code="a">M&#xE9;xico</subfield>
    <subfield code="b"> : Fondo de Cultura Econ&#xF3;mica</subfield>
    <subfield code="c">, 1966</subfield>
  </datafield>
  <datafield tag="300" ind1=" " ind2=" ">
    <subfield code="a">423 p&#xE1;ginas</subfield>
  </datafield>
  <datafield tag="490" ind1=" " ind2="0">
    <subfield code="a">Secci&#xF3;n de obras de sociologia, La sociedad</subfield>
    <subfield code="a">sociolog&#xED;a</subfield>
  </datafield>
  <datafield tag="500" ind1=" " ind2=" ">
    <subfield code="a">Reimpresiones: 1984, 1987, 1994, 2012</subfield>
  </datafield>
  <datafield tag="504" ind1=" " ind2=" ">
    <subfield code="a">Bibliograf&#xED;a (pp. 401-420)</subfield>
  </datafield>
  <datafield tag="505" ind1=" " ind2=" ">
    <subfield code="a">La perspectiva sociol&#xF3;gica
La organizaci&#xF3;n social
Instituciones sociales
Orden y desorganizaci&#xF3;n social
Conclusi&#xF3;n</subfield>
  </datafield>
  <datafield tag="519" ind1=" " ind2=" ">
    <subfield code="a">Material Complementario / </subfield>
    <subfield code="d">(01 000813, 01 000814, 01 001755, 01 014112)</subfield>
  </datafield>
  <datafield tag="519" ind1=" " ind2=" ">
    <subfield code="a">Material Complementario / </subfield>
    <subfield code="d">(03 003077, 03 003089, 03 003102)</subfield>
  </datafield>
  <datafield tag="519" ind1=" " ind2=" ">
    <subfield code="a">Bachillerato Tecnol&#xF3;gico / </subfield>
    <subfield code="b">Preparaci&#xF3;n de Alimentos y Bebidas / </subfield>
    <subfield code="c">Ciencia, Tecnolog&#xED;a, Sociedad y Valores III (2) / </subfield>
    <subfield code="d">(18 001508)</subfield>
  </datafield>
  <datafield tag="650" ind1="1" ind2="4">
    <subfield code="a">SOCIOLOG&#xCD;A</subfield>
  </datafield>
  <datafield tag="700" ind1="1" ind2=" ">
    <subfield code="a">L&#xF3;pez C&#xE1;mara, Francisco</subfield>
    <subfield code="e">traductor</subfield>
  </datafield>
  <datafield tag="942" ind1=" " ind2=" ">
    <subfield code="c">LB</subfield>
  </datafield>
</record>
